<?xml version="1.0" encoding="UTF-8"?><?xml-stylesheet type="text/xsl" href="static/style.xsl"?><OAI-PMH xmlns="http://www.openarchives.org/OAI/2.0/" xmlns:xsi="http://www.w3.org/2001/XMLSchema-instance" xsi:schemaLocation="http://www.openarchives.org/OAI/2.0/ http://www.openarchives.org/OAI/2.0/OAI-PMH.xsd"><responseDate>2026-06-03T19:19:15Z</responseDate><request verb="GetRecord" identifier="oai:riuma.uma.es:10630/34389" metadataPrefix="marc">https://riuma.uma.es/rest/oai/request</request><GetRecord><record><header><identifier>oai:riuma.uma.es:10630/34389</identifier><datestamp>2026-02-03T11:33:56Z</datestamp><setSpec>com_10630_2254</setSpec><setSpec>col_10630_37953</setSpec></header><metadata><record xmlns="http://www.loc.gov/MARC21/slim" xmlns:dcterms="http://purl.org/dc/terms/" xmlns:doc="http://www.lyncode.com/xoai" xmlns:xsi="http://www.w3.org/2001/XMLSchema-instance" xsi:schemaLocation="http://www.loc.gov/MARC21/slim http://www.loc.gov/standards/marcxml/schema/MARC21slim.xsd">
   <leader>00925njm 22002777a 4500</leader>
   <datafield ind2=" " ind1=" " tag="042">
      <subfield code="a">dc</subfield>
   </datafield>
   <datafield ind2=" " ind1=" " tag="720">
      <subfield code="a">Ibáñez-Cubillas, María del Pilar</subfield>
      <subfield code="e">author</subfield>
   </datafield>
   <datafield ind2=" " ind1=" " tag="720">
      <subfield code="a">López-Rodríguez, Slava</subfield>
      <subfield code="e">author</subfield>
   </datafield>
   <datafield ind2=" " ind1=" " tag="720">
      <subfield code="a">Martínez-Sánchez, Isabel</subfield>
      <subfield code="e">author</subfield>
   </datafield>
   <datafield ind2=" " ind1=" " tag="720">
      <subfield code="a">Álvarez Rodríguez, José</subfield>
      <subfield code="e">author</subfield>
   </datafield>
   <datafield ind2=" " ind1=" " tag="260">
      <subfield code="c">2023</subfield>
   </datafield>
   <datafield ind2=" " ind1=" " tag="520">
      <subfield code="a">To give an answer and a solution to the inconveniences that dropout brings to universities and to society, we have studied the different approaches that exists in the actual scientific literature about the reasons of this phenomenon. The aim of this investigation is analyzing the college dropout, focalizing in students of education degrees of Andalusian universities. For doing that, we applied a standardized instrument that pretend to determine which are the factors associated to the permanence of the college students. The instrument was applied to 608 students of the first year of six Andalusian universities. Of these, 274 were studying Infant education degree and 334 Primary education degree. The study shows that a large sample of the subjects interviewed responded with higher scores 3.83, stating the need to remain in their undergraduate studies, with few references to dropping out of the university. Some of the items that have obtained the highest ratings express their desire to graduate with honors, become a good professional and practice their profession within their field of work, among others.</subfield>
   </datafield>
   <datafield ind1="8" ind2=" " tag="024">
      <subfield code="a">Ibáñez-Cubillas P, López-Rodríguez S, Martínez-Sánchez I and Álvarez Rodríguez J (2023) Multicausal analysis of the dropout of university students from teacher training studies in Andalusia. Front. Educ. 8:1111620. doi: 10.3389/feduc.2023.1111620</subfield>
   </datafield>
   <datafield ind1="8" ind2=" " tag="024">
      <subfield code="a">https://hdl.handle.net/10630/34389</subfield>
   </datafield>
   <datafield ind1="8" ind2=" " tag="024">
      <subfield code="a">https://doi.org/10.3389/feduc.2023.1111620</subfield>
   </datafield>
   <datafield tag="653" ind2=" " ind1=" ">
      <subfield code="a">Rendimiento académico</subfield>
   </datafield>
   <datafield tag="653" ind2=" " ind1=" ">
      <subfield code="a">Fracaso escolar</subfield>
   </datafield>
   <datafield tag="653" ind2=" " ind1=" ">
      <subfield code="a">Profesores - Formación profesional</subfield>
   </datafield>
   <datafield ind2="0" ind1="0" tag="245">
      <subfield code="a">Multicausal analysis of the dropout of university students from teacher training studies in Andalusia</subfield>
   </datafield>
</record>
</metadata></record></GetRecord></OAI-PMH>